000 00899nam a2200193Ii 4500
003 JO-AjNU
008 230605s9999||||xx |||||||||||||| ||und||
040 _aJO-AjNU
_bara
_erda
_cJO-AjNU
041 _aara
050 1 4 _aPJ7577.F39 1983
100 3 _aالفيومي،إبراهيم حسين عبد الهادي,
_eauthor
_913398
245 0 0 _aالواقعية في الرواية العربية الحديثة في بلاد الشام [سوريا - لبنان - فلسطين - الأردن] من1939-1967
264 3 1 _aعمان:دار الفكر،1983
300 _a327ص
336 _atext
_btxt
_2rdacontent
337 _aunmediated
_bn
_2rdamedia
338 _avolume
_bnc
_2rdacarrier
650 4 _a الواقعية في القصة العربية - القصة العربية - بلاد الشام - تاريخ ونقد - القرن العشرين - الأردن-سوريا - لبنان 
_913399
999 _aA3326
_c6894
_d6894